[Event "9th Bangabandhu Rapid Men 2021"]
[Site "Dhaka"]
[Date "2021.04.02"]
[Round "4.5"]
[White "Uddin, Saif"]
[Black "Rahman, Taibur"]
[Result "0-1"]
[WhiteElo "1894"]
[BlackElo "2189"]
[Annotator "ChessBase"]
[PlyCount "102"]
[EventDate "2021.04.02"]
[EventType "swiss"]
[EventCountry "BAN"]
[SourceTitle "playchess.com"]
[Source "ChessBase"]
[SourceQuality "1"]
[TimeControl "1500+10"]

1. Nf3 {[%emt 0:00:00]} d5 {[%emt 0:00:19]} 2. b4 {[%emt 0:00:00]} a5 {[%emt 0:00:17]} 3. b5 {[%emt 0:00:00]} c6 {[%emt 0:00:00]} 4. e3 {[%emt 0:00:06]} Nf6 {[%emt 0:00:06]} 5. a4 {[%emt 0:00:12]} Bg4 {[%emt 0:00:12]} 6. Bb2 {[%emt 0:00:20]} e6 {[%emt 0:25:06]} 7. h3 {[%emt 0:00:13]} Bh5 {[%emt 0:00:10]} 8. c4 {[%emt 0:01:22]} Nbd7 {[%emt 0:00:00]} 9. cxd5 {[%emt 0:00:40]} cxd5 {[%emt 0:00:00]} 10. g4 {[%emt 0:00:34]} Bg6 {[%emt 0:00:00]} 11. Bg2 {[%emt 0:23:23]} Bd3 {[%emt 0:00:00]} 12. Nc3 {[%emt 0:00:10]} Bb4 {[%emt 0:00:00]} 13. Ne2 {[%emt 0:00:00]} O-O {[%emt 0:00:00]} 14. Nf4 {[%emt 0:00:00]} Nc5 {[%emt 0:01:10]} 15. Bxf6 {[%emt 0:00:00]} Qxf6 {[%emt 0:00:00]} 16. Nxd3 {[%emt 0:00:00]} Nxd3+ {[%emt 0:00:00]} 17. Ke2 {[%emt 0:00:50]} Nb2 {[%emt 0:00:30]} 18. Qb3 {[%emt 0:00:10]} Nc4 {[%emt 0:00:00]} 19. d3 {[%emt 0:00:00]} Nb6 {[%emt 0:00:00]} 20. g5 {[%emt 0:00:00]} Qe7 {[%emt 0:00:00]} 21. h4 {[%emt 0:00:00]} Rac8 {[%emt 0:00:00]} 22. Rac1 {[%emt 0:00:00]} Ba3 {[%emt 0:00:00]} 23. Ra1 {[%emt 0:00:00]} Bb4 {[%emt 0:00:00]} 24. Rhc1 {[%emt 0:00:00]} Rc7 {[%emt 0:01:10]} 25. Nd4 {[%emt 0:01:10]} Rfc8 {[%emt 0:00:10]} 26. Rxc7 {[%emt 0:00:00]} Rxc7 {[%emt 0:00:10]} 27. Nc2 {[%emt 0:00:20]} Bd6 {[%emt 0:00:00]} 28. Ra2 {[%emt 0:00:10]} Be5 {[%emt 0:00:00]} 29. f4 {[%emt 0:00:10]} Bd6 {[%emt 0:00:30]} 30. Nd4 {[%emt 0:00:00]} Qd7 {[%emt 0:00:00]} 31. Rc2 {[%emt 0:00:00]} Rxc2+ {[%emt 0:00:00]} 32. Qxc2 {[%emt 0:00:00]} Qc7 {[%emt 0:00:30]} 33. Qb3 {[%emt 0:00:00]} Qc1 {[%emt 0:00:10]} 34. Nc2 {[%emt 0:00:00]} Qg1 {[%emt 0:00:10]} 35. Kf3 {[%emt 0:00:00]} Qh2 {[%emt 0:00:00]} 36. Qc3 {[%emt 0:00:00]} Qxh4 {[%emt 0:00:00]} 37. Qxa5 {[%emt 0:00:00]} Qh5+ {[%emt 0:00:00]} 38. Kf2 {[%emt 0:00:00]} Qd1 {[%emt 0:00:00]} 39. Nd4 {[%emt 0:00:40]} Bc5 {[%emt 0:00:00]} 40. Qc3 {[%emt 0:00:42]} Nxa4 {[%emt 0:00:00]} 41. Qc2 {[%emt 0:00:10]} Qxc2+ {[%emt 0:00:00]} 42. Nxc2 {[%emt 0:00:01]} Nc3 {[%emt 0:00:00]} 43. Bf1 {[%emt 0:00:06]} Nxb5 {[%emt 0:00:16]} 44. d4 {[%emt 0:00:01]} Na3 {[%emt 0:00:01]} 45. dxc5 {[%emt 0:01:00]} Nxc2 {[%emt 0:00:01]} 46. Ba6 {[%emt 0:00:10]} Nb4 {[%emt 0:00:05]} 47. Bxb7 {[%emt 0:00:00]} Nd3+ {[%emt 0:00:01]} 48. Kf3 {[%emt 0:00:00]} Nxc5 {[%emt 0:00:01]} 49. Bc6 {[%emt 0:00:00]} Kf8 {[%emt 0:00:05]} 50. f5 {[%emt 0:00:00]} Ke7 {[%emt 0:00:08]} 51. fxe6 {[%emt 0:00:00]} fxe6 {[%emt 0:02:12]} 0-1

[Event "9th Bangabandhu Rapid Men 2021"]
[Site "Dhaka"]
[Date "2021.04.02"]
[Round "4.6"]
[White "Jabed Al Azad"]
[Black "Ahmed, Sheikh Nasir"]
[Result "1-0"]
[WhiteElo "1983"]
[BlackElo "2176"]
[Annotator "ChessBase"]
[PlyCount "79"]
[EventDate "2021.04.02"]
[EventType "swiss"]
[EventCountry "BAN"]
[SourceTitle "playchess.com"]
[Source "ChessBase"]
[SourceQuality "1"]
[TimeControl "1500+10"]

1. e4 {[%emt 0:00:00]} c5 {[%emt 0:00:00]} 2. Nf3 {[%emt 0:00:00]} e6 {[%emt 0:00:00]} 3. d4 {[%emt 0:00:00]} cxd4 {[%emt 0:00:00]} 4. Nxd4 {[%emt 0:00:00]} Nc6 {[%emt 0:00:02]} 5. Nxc6 {[%emt 0:00:01]} bxc6 {[%emt 0:00:02]} 6. c4 {[%emt 0:00:02]} Nf6 {[%emt 0:00:19]} 7. Bd3 {[%emt 0:00:03]} Be7 {[%emt 0:01:14]} 8. O-O {[%emt 0:00:04]} d6 {[%emt 0:00:32]} 9. Nc3 {[%emt 0:00:05]} O-O {[%emt 0:00:02]} 10. Be3 {[%emt 0:03:27]} e5 {[%emt 0:00:15]} 11. Rc1 {[%emt 0:00:33]} Be6 {[%emt 0:01:02]} 12. h3 {[%emt 0:00:28]} Nd7 {[%emt 0:02:01]} 13. b4 {[%emt 0:00:26]} Nf6 {[%emt 0:03:46]} 14. a4 {[%emt 0:01:56]} d5 {[%emt 0:01:34]} 15. cxd5 {[%emt 0:00:16]} cxd5 {[%emt 0:00:02]} 16. exd5 {[%emt 0:00:03]} Nxd5 {[%emt 0:00:12]} 17. Nxd5 {[%emt 0:01:52]} Bxd5 {[%emt 0:04:05]} 18. b5 {[%emt 0:01:21]} Ba3 {[%emt 0:03:38]} 19. Bxh7+ {[%emt 0:00:26]} Kxh7 {[%emt 0:01:27]} 20. Qd3+ {[%emt 0:00:02]} f5 {[%emt 0:01:38]} 21. Qxa3 {[%emt 0:00:03]} Qf6 {[%emt 0:02:06]} 22. Bc5 {[%emt 0:00:37]} Qg6 {[%emt 0:00:40]} 23. Qg3 {[%emt 0:00:10]} Qxg3 {[%emt 0:00:02]} 24. fxg3 {[%emt 0:00:01]} Rf7 {[%emt 0:00:08]} 25. Bd6 {[%emt 0:01:13]} Re8 {[%emt 0:00:21]} 26. Rc5 {[%emt 0:00:11]} Bb3 {[%emt 0:00:21]} 27. a5 {[%emt 0:00:05]} e4 {[%emt 0:00:14]} 28. Rfxf5 {[%emt 0:01:05]} Rd7 {[%emt 0:01:05]} 29. Bf4 {[%emt 0:00:56]} e3 {[%emt 0:02:28]} 30. Rfe5 {[%emt 0:00:02]} Rde7 {[%emt 0:00:18]} 31. Rxe7 {[%emt 0:00:04]} Rxe7 {[%emt 0:00:00]} 32. Kf1 {[%emt 0:01:05]} Re4 {[%emt 0:00:16]} 33. Ke2 {[%emt 0:00:51]} Bc4+ {[%emt 0:00:14]} 34. Ke1 {[%emt 0:00:01]} e2 {[%emt 0:00:21]} 35. b6 {[%emt 0:00:35]} axb6 {[%emt 0:00:01]} 36. axb6 {[%emt 0:00:01]} Ba6 {[%emt 0:00:06]} 37. Ra5 {[%emt 0:01:00]} Bb7 {[%emt 0:00:01]} 38. Ra7 {[%emt 0:00:08]} Re7 {[%emt 0:00:02]} 39. Bc7 {[%emt 0:00:14]} Bxg2 {[%emt 0:00:11]} 40. b7 {[%emt 0:00:07]} 1-0

[Event "9th Bangabandhu Rapid Men 2021"]
[Site "Dhaka"]
[Date "2021.04.02"]
[Round "4.7"]
[White "Mehdi Hasan Parag"]
[Black "Anata, Choudhury"]
[Result "1-0"]
[WhiteElo "2192"]
[BlackElo "2184"]
[Annotator "ChessBase"]
[PlyCount "57"]
[EventDate "2021.04.02"]
[EventType "swiss"]
[EventCountry "BAN"]
[SourceTitle "playchess.com"]
[Source "ChessBase"]
[SourceQuality "1"]
[TimeControl "1500+10"]

1. e4 {[%emt 0:00:00]} c5 {[%emt 0:00:00]} 2. Nf3 {[%emt 0:00:00]} d6 {[%emt 0:00:00]} 3. d4 {[%emt 0:00:09]} cxd4 {[%emt 0:00:00]} 4. Nxd4 {[%emt 0:00:03]} Nf6 {[%emt 0:00:00]} 5. Be3 {[%emt 0:00:03]} Nxe4 {[%emt 0:01:22]} 6. Qf3 {[%emt 0:00:18]} Nf6 {[%emt 0:00:17]} 7. Nc3 {[%emt 0:00:13]} Nbd7 {[%emt 0:00:37]} 8. h3 {[%emt 0:00:21]} a6 {[%emt 0:00:32]} 9. g4 {[%emt 0:00:06]} g6 {[%emt 0:00:48]} 10. O-O-O {[%emt 0:00:49]} Bg7 {[%emt 0:00:07]} 11. g5 {[%emt 0:00:17]} Nh5 {[%emt 0:00:27]} 12. Be2 {[%emt 0:00:15]} Ne5 {[%emt 0:00:31]} 13. Qg2 {[%emt 0:00:10]} Bd7 {[%emt 0:02:54]} 14. f4 {[%emt 0:00:21]} Nc6 {[%emt 0:00:04]} 15. Bxh5 {[%emt 0:00:13]} gxh5 {[%emt 0:00:03]} 16. Qf3 {[%emt 0:00:16]} Rc8 {[%emt 0:00:15]} 17. Rhf1 {[%emt 0:00:39]} Na5 {[%emt 0:01:55]} 18. f5 {[%emt 0:00:25]} Be5 {[%emt 0:01:51]} 19. g6 {[%emt 0:00:29]} hxg6 {[%emt 0:02:28]} 20. fxg6 {[%emt 0:00:09]} Bf6 {[%emt 0:00:30]} 21. g7 {[%emt 0:01:29]} Rg8 {[%emt 0:00:02]} 22. Qxh5 {[%emt 0:00:09]} Bc6 {[%emt 0:05:54]} 23. Ne6 {[%emt 0:00:35]} Qd7 {[%emt 0:00:42]} 24. Qh7 {[%emt 0:00:09]} Qxe6 {[%emt 0:01:30]} 25. Qxg8+ {[%emt 0:00:04]} Kd7 {[%emt 0:00:01]} 26. Qxc8+ {[%emt 0:00:09]} Kxc8 {[%emt 0:00:02]} 27. g8=Q+ {[%emt 0:00:07]} Kc7 {[%emt 0:00:11]} 28. Rde1 {[%emt 0:03:35]} Bxc3 {[%emt 0:00:21]} 29. Bb6+ {[%emt 0:00:20]} 1-0

[Event "9th Bangabandhu Rapid Men 2021"]
[Site "Dhaka"]
[Date "2021.04.02"]
[Round "4.8"]
[White "Mohammed Abdul, Malek"]
[Black "Ghosh, Chanchal Kumer"]
[Result "0-1"]
[WhiteElo "2125"]
[BlackElo "2052"]
[Annotator "ChessBase"]
[PlyCount "43"]
[EventDate "2021.04.02"]
[EventType "swiss"]
[EventCountry "BAN"]
[SourceTitle "playchess.com"]
[Source "ChessBase"]
[SourceQuality "1"]
[TimeControl "1500+10"]

1. Nf3 {[%emt 0:00:15]} d5 {[%emt 0:00:00]} 2. c4 {[%emt 0:00:02]} e6 {[%emt 0:00:00]} 3. e3 {[%emt 0:00:02]} Nf6 {[%emt 0:00:00]} 4. d4 {[%emt 0:00:01]} c5 {[%emt 0:25:40]} 5. Nc3 {[%emt 0:00:03]} a6 {[%emt 0:00:00]} 6. cxd5 {[%emt 0:00:11]} exd5 {[%emt 0:00:00]} 7. dxc5 {[%emt 0:00:12]} Bxc5 {[%emt 0:00:00]} 8. Be2 {[%emt 0:00:02]} O-O {[%emt 0:00:40]} 9. a3 Nc6 {[%emt 0:00:00]} 10. O-O {[%emt 0:00:03]} Bf5 {[%emt 0:00:00]} 11. Nd4 {[%emt 0:02:50]} Bg6 {[%emt 0:00:00]} 12. b4 {[%emt 0:00:11]} Ba7 {[%emt 0:00:00]} 13. Bb2 {[%emt 0:00:06]} Rc8 {[%emt 0:00:00]} 14. Rc1 {[%emt 0:00:01]} Ne5 {[%emt 0:00:00]} 15. f4 {[%emt 0:00:40]} Nc4 {[%emt 0:00:00]} 16. Bxc4 {[%emt 0:02:45]} Rxc4 {[%emt 0:00:00]} 17. f5 {[%emt 0:01:15]} Bh5 {[%emt 0:00:00]} 18. Qd3 {[%emt 0:00:07]} Ng4 {[%emt 0:00:00]} 19. h3 {[%emt 0:00:54]} Nxe3 {[%emt 0:00:00]} 20. Rf4 {[%emt 0:01:22]} Qg5 {[%emt 0:00:00]} 21. Qxe3 {[%emt 0:07:29]} Bxd4 {[%emt 0:00:00]} 22. Qxd4 {[%emt 0:10:09]} 0-1

[Event "9th Bangabandhu Rapid Men 2021"]
[Site "Dhaka"]
[Date "2021.04.02"]
[Round "5.1"]
[White "Hossain, Enamul"]
[Black "Manon, Reja Neer"]
[Result "1-0"]
[WhiteElo "2404"]
[BlackElo "2112"]
[Annotator "ChessBase"]
[PlyCount "142"]
[EventDate "2021.04.02"]
[EventType "swiss"]
[EventCountry "BAN"]
[SourceTitle "playchess.com"]
[Source "ChessBase"]
[SourceQuality "1"]
[TimeControl "1500+10"]

1. e4 {[%emt 0:00:00]} e5 {[%emt 0:00:24]} 2. Nf3 {[%emt 0:00:03]} Nc6 {[%emt 0:00:02]} 3. Bb5 {[%emt 0:00:13]} a6 {[%emt 0:25:04]} 4. Bxc6 {[%emt 0:00:06]} dxc6 {[%emt 0:00:09]} 5. O-O {[%emt 0:00:03]} Bg4 {[%emt 0:00:44]} 6. h3 {[%emt 0:00:01]} Bxf3 {[%emt 0:00:03]} 7. Qxf3 {[%emt 0:00:02]} g6 {[%emt 0:24:47]} 8. d3 {[%emt 0:03:57]} Bg7 {[%emt 0:00:00]} 9. Nd2 {[%emt 0:22:05]} Nf6 {[%emt 0:00:00]} 10. Nc4 {[%emt 0:00:54]} Qe7 {[%emt 0:00:00]} 11. b3 {[%emt 0:00:58]} O-O {[%emt 0:00:00]} 12. Ba3 {[%emt 0:01:22]} c5 {[%emt 0:00:00]} 13. Bb2 {[%emt 0:00:01]} Nh5 {[%emt 0:00:00]} 14. a4 {[%emt 0:00:31]} a5 {[%emt 0:00:00]} 15. g3 {[%emt 0:01:14]} b6 {[%emt 0:00:00]} 16. Ne3 {[%emt 0:00:25]} f6 {[%emt 0:00:00]} 17. Rae1 {[%emt 0:01:57]} Qf7 {[%emt 0:00:00]} 18. Nc4 {[%emt 0:01:40]} Rae8 {[%emt 0:00:00]} 19. Bc1 {[%emt 0:00:47]} f5 {[%emt 0:00:00]} 20. g4 {[%emt 0:01:22]} fxg4 {[%emt 0:00:00]} 21. Qxf7+ {[%emt 0:00:02]} Rxf7 {[%emt 0:00:00]} 22. hxg4 {[%emt 0:00:02]} Nf4 {[%emt 0:00:00]} 23. Bxf4 {[%emt 0:02:12]} exf4 {[%emt 0:00:00]} 24. f3 {[%emt 0:10:55]} Bc3 {[%emt 0:00:00]} 25. Re2 {[%emt 0:00:03]} h6 {[%emt 0:00:00]} 26. Rh2 {[%emt 0:00:22]} Kg7 {[%emt 0:03:10]} 27. Kf2 {[%emt 0:00:09]} g5 {[%emt 0:00:00]} 28. Rfh1 {[%emt 0:00:07]} Rf6 {[%emt 0:00:00]} 29. Ke2 {[%emt 0:00:06]} Rfe6 {[%emt 0:00:00]} 30. Kd1 {[%emt 0:00:52]} Rb8 {[%emt 0:00:00]} 31. Na3 {[%emt 0:00:16]} c6 {[%emt 0:00:00]} 32. Nb1 {[%emt 0:00:02]} Be5 {[%emt 0:00:00]} 33. c3 {[%emt 0:00:38]} b5 {[%emt 0:01:02]} 34. Kc2 {[%emt 0:00:08]} b4 {[%emt 0:00:49]} 35. cxb4 {[%emt 0:00:43]} cxb4 {[%emt 0:00:26]} 36. Nd2 {[%emt 0:00:04]} Bd4 {[%emt 0:00:24]} 37. Nc4 {[%emt 0:00:07]} Ra8 {[%emt 0:00:03]} 38. Re2 {[%emt 0:01:04]} c5 {[%emt 0:00:25]} 39. e5 {[%emt 0:00:52]} Raa6 {[%emt 0:02:11]} 40. Re4 {[%emt 0:00:03]} Ra7 {[%emt 0:00:53]} 41. Rhe1 {[%emt 0:00:16]} Kg6 {[%emt 0:00:37]} 42. R1e2 {[%emt 0:00:16]} Ra8 {[%emt 0:00:34]} 43. Nd6 {[%emt 0:06:52]} Rd8 {[%emt 0:00:00]} 44. Nc4 {[%emt 0:00:00]} Ra8 {[%emt 0:00:00]} 45. Kb1 {[%emt 0:00:00]} Ra7 {[%emt 0:00:05]} 46. Kc2 {[%emt 0:00:00]} Ra8 {[%emt 0:00:01]} 47. Rh2 {[%emt 0:00:00]} Ra7 {[%emt 0:00:11]} 48. Rh1 {[%emt 0:00:00]} Ra8 {[%emt 0:00:11]} 49. Rhe1 {[%emt 0:00:00]} Ra7 {[%emt 0:00:12]} 50. Nd6 {[%emt 0:00:06]} Rd7 {[%emt 0:00:18]} 51. Nb5 {[%emt 0:00:05]} Be3 {[%emt 0:00:16]} 52. Nd6 {[%emt 0:00:40]} Bd4 {[%emt 0:00:02]} 53. Nc4 {[%emt 0:00:12]} Ra7 {[%emt 0:00:04]} 54. R1e2 {[%emt 0:00:04]} Ra8 {[%emt 0:00:40]} 55. Kd1 {[%emt 0:00:01]} Ra7 {[%emt 0:00:44]} 56. Rc2 {[%emt 0:00:09]} Bc3 {[%emt 0:00:23]} 57. Ke2 {[%emt 0:00:16]} Bd4 {[%emt 0:00:08]} 58. Kd1 {[%emt 0:00:15]} Ra8 {[%emt 0:00:13]} 59. Rce2 {[%emt 0:00:26]} Ra7 {[%emt 0:00:05]} 60. Kc2 {[%emt 0:00:04]} Ra8 {[%emt 0:00:14]} 61. Re1 {[%emt 0:00:42]} Ra7 {[%emt 0:00:05]} 62. R4e2 {[%emt 0:00:00]} Bc3 {[%emt 0:00:18]} 63. Rh1 {[%emt 0:00:00]} Rae7 {[%emt 0:00:11]} 64. Nxa5 {[%emt 0:00:00]} Rxe5 {[%emt 0:00:03]} 65. Re4 {[%emt 0:00:00]} Rxe4 {[%emt 0:00:10]} 66. dxe4 {[%emt 0:00:00]} Rd7 {[%emt 0:00:11]} 67. Nc4 {[%emt 0:00:00]} Ra7 {[%emt 0:00:17]} 68. Rd1 {[%emt 0:00:00]} Kg7 {[%emt 0:00:15]} 69. Rd6 {[%emt 0:00:00]} Bd4 {[%emt 0:00:02]} 70. Kd3 {[%emt 0:00:04]} h5 {[%emt 0:00:29]} 71. gxh5 {[%emt 0:00:05]} Rf7 {[%emt 0:00:30]} 1-0

[Event "9th Bangabandhu Rapid Men 2021"]
[Site "Dhaka"]
[Date "2021.04.02"]
[Round "5.2"]
[White "Mohammad Fahad, Rahman"]
[Black "Islam, Khandaker Aminul"]
[Result "1-0"]
[WhiteElo "2321"]
[BlackElo "2210"]
[Annotator "ChessBase"]
[PlyCount "46"]
[EventDate "2021.04.02"]
[EventType "swiss"]
[EventCountry "BAN"]
[SourceTitle "playchess.com"]
[Source "ChessBase"]
[SourceQuality "1"]
[TimeControl "1500+10"]

1. e4 {[%emt 0:00:00]} e5 {[%emt 0:00:00]} 2. Nf3 {[%emt 0:00:00]} Nc6 {[%emt 0:00:00]} 3. Bb5 {[%emt 0:00:00]} a6 {[%emt 0:00:11]} 4. Ba4 {[%emt 0:00:02]} Nf6 {[%emt 0:00:01]} 5. O-O {[%emt 0:00:02]} b5 {[%emt 0:00:07]} 6. Bb3 {[%emt 0:00:02]} Bc5 {[%emt 0:00:01]} 7. c3 {[%emt 0:00:07]} d6 {[%emt 0:00:01]} 8. d4 {[%emt 0:00:05]} Bb6 {[%emt 0:00:04]} 9. Be3 {[%emt 0:00:02]} Bg4 {[%emt 0:02:31]} 10. Nbd2 {[%emt 0:00:14]} exd4 {[%emt 0:00:20]} 11. cxd4 {[%emt 0:00:08]} Nxd4 {[%emt 0:00:07]} 12. Bxd4 {[%emt 0:00:09]} Bxd4 {[%emt 0:00:02]} 13. Bxf7+ {[%emt 0:00:03]} Kf8 {[%emt 0:01:08]} 14. Qb3 {[%emt 0:00:12]} Bb6 {[%emt 0:00:28]} 15. h3 {[%emt 0:03:54]} Bxf3 {[%emt 0:02:45]} 16. Nxf3 {[%emt 0:00:03]} Qe7 {[%emt 0:00:27]} 17. Bd5 {[%emt 0:00:14]} Nxd5 {[%emt 0:01:28]} 18. exd5 {[%emt 0:00:40]} Qf6 {[%emt 0:00:34]} 19. Rae1 {[%emt 0:01:12]} Re8 {[%emt 0:02:54]} 20. Qc2 {[%emt 0:03:51]} g6 {[%emt 0:11:41]} 21. Qc6 {[%emt 0:05:03]} Rxe1 {[%emt 0:00:00]} 22. Rxe1 {[%emt 0:00:05]} Kg7 {[%emt 0:00:20]} 23. Re6 {[%emt 0:04:15]} Qf4 {[%emt 0:00:30]} 1-0

[Event "9th Bangabandhu Rapid Men 2021"]
[Site "Dhaka"]
[Date "2021.04.02"]
[Round "5.3"]
[White "Mehdi Hasan Parag"]
[Black "Rahman, Ziaur"]
[Result "0-1"]
[WhiteElo "2192"]
[BlackElo "2432"]
[Annotator "ChessBase"]
[PlyCount "78"]
[EventDate "2021.04.02"]
[EventType "swiss"]
[EventCountry "BAN"]
[SourceTitle "playchess.com"]
[Source "ChessBase"]
[SourceQuality "1"]
[TimeControl "1500+10"]

1. e4 {[%emt 0:00:00]} c5 {[%emt 0:00:01]} 2. Nf3 {[%emt 0:00:00]} d6 {[%emt 0:00:04]} 3. d4 {[%emt 0:00:00]} cxd4 {[%emt 0:00:01]} 4. Nxd4 {[%emt 0:00:00]} Nf6 {[%emt 0:00:02]} 5. Nc3 {[%emt 0:00:02]} Nc6 {[%emt 0:00:04]} 6. Bg5 {[%emt 0:00:07]} g6 {[%emt 0:00:04]} 7. Be2 {[%emt 0:26:01]} Bg7 {[%emt 0:00:00]} 8. O-O {[%emt 0:00:05]} O-O {[%emt 0:00:00]} 9. Be3 {[%emt 0:00:10]} Bd7 {[%emt 0:00:30]} 10. f4 {[%emt 0:00:00]} Qc8 {[%emt 0:00:10]} 11. Kh1 {[%emt 0:00:00]} Bg4 {[%emt 0:00:00]} 12. Nxc6 bxc6 13. e5 {[%emt 0:00:30]} Bxe2 {[%emt 0:00:00]} 14. Qxe2 {[%emt 0:00:40]} Ng4 {[%emt 0:00:00]} 15. Bd4 {[%emt 0:00:00]} dxe5 {[%emt 0:00:00]} 16. fxe5 {[%emt 0:00:00]} Rd8 {[%emt 0:00:00]} 17. Rad1 {[%emt 0:00:00]} c5 {[%emt 0:00:10]} 18. Bg1 {[%emt 0:00:00]} Rxd1 {[%emt 0:00:00]} 19. Qxd1 {[%emt 0:00:00]} Nxe5 {[%emt 0:00:00]} 20. Qd5 {[%emt 0:00:00]} e6 {[%emt 0:00:00]} 21. Qd6 {[%emt 0:00:00]} Qb8 {[%emt 0:00:00]} 22. Qxc5 {[%emt 0:00:00]} Qb7 {[%emt 0:00:20]} 23. Bd4 {[%emt 0:01:10]} Rc8 {[%emt 0:00:00]} 24. Qxa7 {[%emt 0:00:00]} Qxa7 {[%emt 0:00:00]} 25. Bxa7 {[%emt 0:00:00]} Nc4 {[%emt 0:00:00]} 26. Ne4 {[%emt 0:00:00]} Bxb2 {[%emt 0:00:00]} 27. g4 {[%emt 0:00:00]} h6 {[%emt 0:00:10]} 28. h4 {[%emt 0:02:00]} f5 {[%emt 0:00:00]} 29. gxf5 {[%emt 0:00:00]} gxf5 {[%emt 0:00:00]} 30. Ng3 {[%emt 0:00:00]} Be5 {[%emt 0:00:00]} 31. Nh5 {[%emt 0:00:00]} Ra8 {[%emt 0:00:00]} 32. Bc5 {[%emt 0:00:00]} Rxa2 {[%emt 0:00:00]} 33. Rf2 {[%emt 0:00:00]} Kf7 {[%emt 0:00:00]} 34. Kg2 {[%emt 0:00:00]} Ra5 {[%emt 0:00:00]} 35. Bb4 {[%emt 0:00:00]} Ra8 {[%emt 0:00:00]} 36. Kf3 {[%emt 0:00:00]} Rg8 {[%emt 0:01:40]} 37. Bd2 {[%emt 0:00:00]} Rg4 {[%emt 0:00:00]} 38. Bc1 {[%emt 0:01:30]} Bd4 {[%emt 0:00:00]} 39. Re2 {[%emt 0:00:45]} Ne5+ {[%emt 0:00:00]} 0-1

[Event "9th Bangabandhu Rapid Men 2021"]
[Site "Dhaka"]
[Date "2021.04.02"]
[Round "5.4"]
[White "Ghosh, Chanchal Kumer"]
[Black "Mollah Abdullah, Al Rakib"]
[Result "1-0"]
[WhiteElo "2052"]
[BlackElo "2464"]
[Annotator "ChessBase"]
[PlyCount "69"]
[EventDate "2021.04.02"]
[EventType "swiss"]
[EventCountry "BAN"]
[SourceTitle "playchess.com"]
[Source "ChessBase"]
[SourceQuality "1"]
[TimeControl "1500+10"]

1. e4 {[%emt 0:00:00]} g6 {[%emt 0:00:00]} 2. Nf3 {[%emt 0:00:00]} Bg7 {[%emt 0:00:01]} 3. d4 {[%emt 0:00:03]} d6 {[%emt 0:00:09]} 4. Bc4 {[%emt 0:00:11]} e6 {[%emt 0:00:21]} 5. O-O {[%emt 0:00:18]} a6 {[%emt 0:00:03]} 6. Bb3 {[%emt 0:00:03]} Ne7 {[%emt 0:00:50]} 7. Re1 {[%emt 0:00:16]} Nd7 {[%emt 0:00:59]} 8. c3 {[%emt 0:01:52]} b6 {[%emt 0:02:07]} 9. Nbd2 {[%emt 0:01:07]} h6 {[%emt 0:00:21]} 10. Nf1 {[%emt 0:00:29]} Bb7 {[%emt 0:00:19]} 11. a4 {[%emt 0:00:44]} O-O {[%emt 0:00:24]} 12. Ng3 {[%emt 0:00:10]} Kh7 {[%emt 0:00:26]} 13. Bc2 {[%emt 0:00:25]} e5 {[%emt 0:02:49]} 14. h4 {[%emt 0:00:37]} c5 {[%emt 0:01:51]} 15. h5 {[%emt 0:02:41]} cxd4 {[%emt 0:01:16]} 16. cxd4 {[%emt 0:00:10]} Rc8 {[%emt 0:00:10]} 17. Be3 {[%emt 0:02:02]} Nc6 {[%emt 0:01:24]} 18. Rc1 {[%emt 0:01:27]} Qe7 {[%emt 0:01:14]} 19. Qd2 {[%emt 0:00:21]} exd4 {[%emt 0:00:23]} 20. Nxd4 {[%emt 0:00:12]} Nce5 {[%emt 0:00:44]} 21. Bb3 {[%emt 0:01:06]} Nc5 {[%emt 0:00:51]} 22. Rc3 {[%emt 0:02:47]} Nxe4 {[%emt 0:02:47]} 23. Nxe4 {[%emt 0:02:18]} Bxe4 {[%emt 0:00:02]} 24. Rxc8 {[%emt 0:01:00]} Rxc8 {[%emt 0:00:02]} 25. f3 {[%emt 0:00:21]} Bb7 {[%emt 0:01:07]} 26. hxg6+ {[%emt 0:00:15]} fxg6 {[%emt 0:00:12]} 27. Ne6 {[%emt 0:00:42]} Bxf3 {[%emt 0:05:04]} 28. Nxg7 {[%emt 0:01:03]} Qxg7 {[%emt 0:01:37]} 29. Qxd6 {[%emt 0:00:51]} Ba8 {[%emt 0:01:50]} 30. Bd4 {[%emt 0:01:07]} Qb7 {[%emt 0:00:02]} 31. Re2 {[%emt 0:00:16]} Rc1+ {[%emt 0:00:02]} 32. Kh2 {[%emt 0:00:13]} Nf3+ {[%emt 0:00:31]} 33. Kg3 {[%emt 0:00:35]} Rc7 {[%emt 0:00:10]} 34. Bg8+ {[%emt 0:00:49]} Kxg8 {[%emt 0:00:11]} 35. Re8+ {[%emt 0:00:03]} 1-0